000 00312nam a22001457a 4500
008 210311b ||||| |||| 00| 0 eng d
020 _a9780205693238
041 _aeng
080 _28th
_a316
082 _28th
_a316
100 _a50
101 _aSOC
245 _aDeviant Behavior
_cThio,A
942 _2udc
_cBK
999 _c56406
_d56406